Bahal vyakaran/ (Record no. 11109)

MARC details
000 -LEADER
fixed length control field 00541nam a22002057a 4500
005 - DATE AND TIME OF LATEST TRANSACTION
control field 20201205124215.0
008 - FIXED-LENGTH DATA ELEMENTS--GENERAL INFORMATION
fixed length control field 201205b ||||| |||| 00| 0 eng d
020 ## - INTERNATIONAL STANDARD BOOK NUMBER
International Standard Book Number 9788172068865
040 ## - CATALOGING SOURCE
Original cataloging agency IN-DiNC
Transcribing agency IN-DiNC
041 ## - LANGUAGE CODE
Language code of sung or spoken text Assamese
082 ## - DEWEY DECIMAL CLASSIFICATION NUMBER
Classification number 491.4515
Item number BOR
100 ## - MAIN ENTRY--PERSONAL NAME
Personal name Bora, Satyanath
Relator term Author
245 ## - TITLE STATEMENT
Title Bahal vyakaran/
Statement of responsibility, etc. by Satyanath Bora
260 ## - PUBLICATION, DISTRIBUTION, ETC.
Place of publication, distribution, etc. Guwahati:
Name of publisher, distributor, etc. Bani mandir,
Date of publication, distribution, etc. 2008
300 ## - PHYSICAL DESCRIPTION
Extent 264p.
650 ## - SUBJECT ADDED ENTRY--TOPICAL TERM
Topical term or geographic name entry element Assamese
650 ## - SUBJECT ADDED ENTRY--TOPICAL TERM
Topical term or geographic name entry element Assamese grammar
700 ## - ADDED ENTRY--PERSONAL NAME
Personal name Nath, Prafulla Kumar
Relator term Contributor
942 ## - ADDED ENTRY ELEMENTS (KOHA)
Source of classification or shelving scheme Dewey Decimal Classification
Koha item type Books
Holdings
Withdrawn status Lost status Source of classification or shelving scheme Damaged status Not for loan Collection code Home library Current library Shelving location Date acquired Cost, normal purchase price Total Checkouts Full call number Barcode Date last seen Date last checked out Copy number Price effective from Koha item type
    Dewey Decimal Classification     Assamese Naharkatiya College Library Naharkatiya College Library General Stacks 05/12/2020 50.00 1 491.4515 BOR 17541 11/12/2023 16/11/2022 1 05/12/2020 Books

Naharkatiya College © 2020. All rights reserved.

Powered By